000 00338nam a2200145Ia 4500
100 _aKalavar Anasuya Mrs.
650 _aElectrical Engineering
942 _cBK
654 _aEngineering
245 _aElectronics materials & Components
260 _bEverest Pub
_aPune
_c1990
082 _a621.38028
546 _aENGLISH
999 _c21944
_d21944